00624nam a22001097a 4500008004100000100002900041245003200070260001200102300002800114520036000142773001200502220702b ||||| |||| 00| 0 eng d aDadhick, Balendu Sharma  aDecoding modern tech terms  aYojana  a66(6), Jun, 2022: p.7-9 aThis is the era of path-breaking innovation invention, and products showcasing the use of technology. These products startle us with their capabilities and possibilities. While artificial intelligence. Quantum, cloud computing, and blockchain were making a mark till recently, NFTs and met averse are added to he list of these buzzwords. – Reproduced  aYojana